000 02299nam0a2200397 4500
001 RU\NLR\bibl\1450607
005 20250615231557.0
010 _a978-5-17-059764-2
_bАСТ
010 _a978-5-271-24070-6
_bАстрель
_98000
021 _aRU
_b2009-83695
_95258
035 _a(nilc)IZD\AST\2007\955002
035 _a(NLR Aleph) 001442427
090 _a1471475
_c1471475
100 _a20091001d2010 |||y0rusy50 ca
101 0 _arus
102 _aRU
105 _ay z |||||
200 1 _aДетство Понтия Пилата. Трудный вторник
_eроман-автобиография
_fЮрий Вяземский
210 _aМосква
_cACT
_cАстрель
_d2010
215 _a412, [1] с.
_d22
225 1 _aСладкие весенние баккуроты
330 _aЮрий Вяземский - писатель необычный. Необычны и темы его произведений. "Трудный вторник" - история жизни мальчика, которому было предсказано великое и одновременно страшное будущее - Понтия Пилата. Роман Юрия Вяземского принадлежит к числу тех редких произведений, где история и реальность переплетаются необыкновенно живо. Это позволяет читателю легко перенестись в другую эпоху и воспринимать жизнь исторических личностей как наших современников.
517 0 _aТрудный вторник
600 0 _aПонтий Пилат
_f1 в.
_xв художественной литературе
_92268026
_3RU\NLR\auth\661359505
686 _a0610
_aРоссийская проза
_2TCC-BG
686 _a84(2Рос=Рус)6-44
_vLBC/PL
_2rubbk
686 _aШ6(2=Р)8-443
700 1 _aВяземский
_bЮ. П.
_gЮрий Павлович
_4070
801 0 _aRU
_bЛИБНЕТ
_c20091001
801 1 _aRU
_bЦУНБ Москва
_c20091103
_2rusmarc
801 2 _aRU
_bNLR
_c20091210
_grcr
830 _aCODE_OF_LIBNET\000042728
942 _cBOOK
980 _aNB